<?xml version="1.0" encoding="UTF-8"?>
<collection xmlns="http://www.loc.gov/MARC21/slim">
  <record>
    <leader>00000nam  2200000   4500</leader>
    <controlfield tag="001">INLIS000000000020054</controlfield>
    <controlfield tag="005">20250519114042</controlfield>
    <datafield tag="035" ind1="#" ind2="#">
      <subfield code="a">0010-0525000137</subfield>
    </datafield>
    <controlfield tag="007">ta</controlfield>
    <controlfield tag="008">250519################|##########|#|##</controlfield>
    <datafield tag="084" ind1="#" ind2="#">
      <subfield code="a">R 0063 PKN II 2024</subfield>
    </datafield>
    <datafield tag="100" ind1=" " ind2="#">
      <subfield code="a">Rusdalita</subfield>
    </datafield>
    <datafield tag="245" ind1="1" ind2="#">
      <subfield code="a">Sinergi Telaahan Dan Kajian Staf Ahli Dengan Perangkat Daerah /</subfield>
      <subfield code="c">Rusdalita</subfield>
    </datafield>
    <datafield tag="250" ind1="#" ind2="#">
      <subfield code="a">1</subfield>
    </datafield>
    <datafield tag="260" ind1="#" ind2="#">
      <subfield code="a">Jakarta :</subfield>
      <subfield code="b">Pusbangkom Pimnas,</subfield>
      <subfield code="c">2024</subfield>
    </datafield>
    <datafield tag="300" ind1="#" ind2="#">
      <subfield code="a">100 :</subfield>
      <subfield code="b">ilus ;</subfield>
      <subfield code="c">29 x 21 x 1</subfield>
    </datafield>
    <datafield tag="650" ind1="#" ind2="4">
      <subfield code="a">SDM</subfield>
    </datafield>
    <datafield tag="520" ind1="#" ind2="#">
      <subfield code="a">Tujuan utama proyek perubahan “Sinergi Telaahan dan Kajian Staf Ahli&#13;
dengan Perangkat Daerah” ini adalah “Terpenuhinya harapan pimpinan&#13;
pada telaahan dan kajian Staf Ahli Walikota Bidang Pemerintahan dan&#13;
Sumber Daya Manusia”. Guna mencapai efisiensi dalam pengambilan&#13;
keputusan pimpinan dan efektifitas telaahandan kajian dalam arti sudah&#13;
berisi data/informasi yang lengkap, relevan dan terkini diperlukan&#13;
hubungan kerja kolaboratif dan berkelanjutan antara staf ahli bidang&#13;
pemerintahan dan sumber daya manusia dengan perangkat daerah untuk&#13;
memperoleh data/informasi yang terkini dan relevan. Berdasarkan agenda&#13;
pembangunan Rencana Pembangunan Jangka Menengah Teknokratik&#13;
Nasional 2025-2029 yaitu Reformasi Tata Kelola, Digitalisasi administrasi&#13;
pemerintahan dalam reformasi birokrasi tematik, Visi pembangunan&#13;
jangka panjang Kota Pontianak: “Pontianak Kota Khatulistiwa&#13;
Berwawasan Lingkungan Terdepan di Kalimantan Tahun 2025 dengan&#13;
misi ketiga: meningkatkan tata kelola pemerintahan yang baik sesuai&#13;
Perda Nomor 10 tahun 2008 tentang Rencana Pembangunan Jangka&#13;
Panjang Daerah Kota Pontianak 2005-2025, Peraturan Walikota&#13;
Pontianak Nomor 80 Tahun 2016 tentang Kedudukan, Struktur&#13;
Organisasi, Tugas Pokok, Fungsi, Uraian Tugas dan Tata Kerja Staf Ahli&#13;
Walikota Pontianak, maka substansi output proyek perubahan ini berupa&#13;
formulasi dan implementasi Peraturan Walikota Pontianak tentang&#13;
hubungan kerja staf ahli dengan perangkat daerah, Keputusan Sekretaris&#13;
Daerah, Standard Operating Procedure, serta telaahan dan kajian. Tujuan&#13;
dan kondisi yang diinginkan yaitu terpenuhinya harapan pimpinan pada&#13;
telaahan dan kajian staf ahli walikota bidang pemerintahan dan sumber&#13;
daya manusia, serta manfaat yaitu efisiensi dalam pengambilan keputusan&#13;
paling lama tujuh hari kerja, dari sebelumnya 14 (bahkan lebih) hari kerja&#13;
maupun telaahan sudah berisi data/informasi yang lengkap, relevan dan&#13;
terkini sehingga memudahkan pengambilan kebijakan secara cepat dan&#13;
tepat berhasil dicapai.</subfield>
    </datafield>
    <datafield tag="856" ind1="#" ind2="#">
      <subfield code="a">Perpustakaan Pusat LAN</subfield>
    </datafield>
    <datafield tag="990" ind1="#" ind2="#">
      <subfield code="a">2024/1.2,2/A/0063</subfield>
    </datafield>
  </record>
</collection>
